Normal view
MARC view
- Comisión Impulsora y Coordinadora de la Investigación Científica (Mexico)
Entry Nombre Corporativo
001 - NÚMERO DE CONTROL
- campo de control: 59242
003 - IDENTIFICADOR DE NUMERO DE CONTROL
- campo de control: DLC
005 - FECHA Y HORA DE LA ÜLTIMA TRANSACCIÓN
- campo de control: 20260413093201.0
008 - DATOS DE LONGITUD FIJA
- campo de control de longitud fija: 020911n| acannaabn |n ana c
010 ## - NÚMERO DE CONTROL DE LA BIBLIOTECA DEL CONGRESO
- LC control number: no2002083609
035 ## - NÚMERO DE CONTROL
- Número de control: (OCoLC)oca05860621
040 ## - FUENTE DE CATALOGACIÓN
- Agencia original de catalogación: NmU
- Lenguaje de catalogación: eng
- Agencia transcribe: NmU
- Agencia modificadora: MX-MxUPN
110 2# - ENCABEZAMIENTO - NOMBRE CORPORATIVO
- Nombre corporativo o de jurisdicción como elemento de entrada : Comisión Impulsora y Coordinadora de la Investigación Científica (Mexico)
670 ## - FUENTE EN LA QUE SE LOCALIZARON DATOS
- Cita de la fuente : Anuario (Comisión Impulsora y Coordinadora de la Investigación Científica), 1943:
- Información localizada: portada (Comisión Impulsora y Coordinadora de la Investigación Científica)
902 ## - CATALOGADOR
- Catalogador: VíctorGodínez/130426
